All Conan Gray Songs (2022) - Statistics

General Stats
  • This quiz has been taken 5 times
  • The average score is 26 of 34
Answer Stats
Hint Answer % Correct
Best Friend
100%
Crush Culture
100%
Generation Why
100%
Grow
100%
Heather
100%
Sunset Season Idle Town
100%
Lookalike
100%
Maniac
100%
Overdrive
100%
The King
100%
The Other Side
100%
Wish You Were Sober
100%
Astronomy
80%
Checkmate
80%
Disaster
80%
Family Line
80%
Greek God
80%
Little League
80%
Memories
80%
Superache Movies
80%
Other/singles Telepath
80%
The Cut That Always Bleeds
80%
Yours
80%
Affluenza
60%
(Can We Be Friends?)
60%
Kid Krow Comfort Crowd
60%
Footnote
60%
People Watching
60%
Summer Child
60%
The Exit
60%
The Story
60%
Jigsaw
40%
Fight of Flight
0%
(Offline Love)
0%
No matching quizzes found
Score Distribution
Percent of People with Each Score
Percentile by Number Answered
Your Score History
You have not taken this quiz